000
00319nam a2200133Ia 4500
008
191201s2011 xx 000 0 und d
100
_a
BRADLY, Julia Case
245
0
_a
Programming in Visual Basic .Net
250
_a
Rep
260
_a
New Delhi
_b
TMH
_c
2011
300
_a
600
650
_a
M.Tech(CSE)
942
_2
ddc
_c
BK
999
_c
5990
_d
5990